| 000 | 00550nam a2200193Ia 4500 | ||
|---|---|---|---|
| 003 | OSt | ||
| 005 | 20260417153213.0 | ||
| 008 | 210210b1985 xxu||||| |||| 00| 0 eng d | ||
| 040 |
_aAL _c |
||
| 041 | _aKannada | ||
| 082 | _a330K BASA | ||
| 100 |
_aBASAVA (K D). _917031 _d ಬಸವ (ಕೆ ಡಿ) |
||
| 245 |
_aAdhunika arthashastra _bಆಧುನಿಕ ಅರ್ಥಶಾಸ್ತ್ರ |
||
| 260 |
_aHubballi _bVidyavahini Prakashans _c1985 |
||
| 300 | _avi,136,74 | ||
| 690 |
_aEconomic Theory _917032 |
||
| 906 | _a037323 | ||
| 942 |
_2ddc _cBK |
||
| 999 |
_c87479 _d87479 |
||